| 000 | 00534nam a22001697a 4500 | ||
|---|---|---|---|
| 005 | 20231107060742.0 | ||
| 008 | 231107b |||||||| |||| 00| 0 eng d | ||
| 020 | _a9780409102710 | ||
| 041 | _aEnglish | ||
| 082 | _a346.5 DAV | ||
| 100 |
_aDavis, DM, Beneke, C and Jooste, RD _lEnglish |
||
| 245 |
_aEstate Planning : Service Issue 64 / _cDM Davis, C Beneke and RD Jooste |
||
| 260 |
_aDurban : _bLexisNexis (Pty) Ltd, _c2018 |
||
| 300 | _c26 cm. | ||
| 650 |
_aLegal practice _bLaw |
||
| 942 |
_cBK _6ALISON_BN_VRIES |
||
| 999 |
_c338 _d338 |
||